Apprenticeship in thinking : cognitive development in social context

Αποθηκεύτηκε σε:
Λεπτομέρειες βιβλιογραφικής εγγραφής
Κύριος συγγραφέας: Rogoff, Barbara
Μορφή: Βιβλίο
Γλώσσα:English
Δημοσίευση: New York : Oxford University Press, 1991, c1990
Θέματα:
Ετικέτες: Προσθήκη ετικέτας
Δεν υπάρχουν, Καταχωρήστε ετικέτα πρώτοι!

MARC

LEADER 00000nam a2200000 i 4500
001 1/50685
008 070806s1991 eng d
020 |a 978-0-19-507003-3 (pbk.) 
020 |a 0-19-507003-8 (pbk.) 
035 |l 10089520 
040 |a GR-MY-UA  |b gre  |e aacr 
041 0 |a eng 
082 0 |a 303.32  |2 (22) 
100 1 |a Rogoff, Barbara. 
245 1 0 |a Apprenticeship in thinking :  |b cognitive development in social context /  |c Barbara Rogoff 
260 |a New York :   |b Oxford University Press,   |c 1991, c1990 
300 |a xiv, 242 σ.;  |b εικ.;  |c 23 εκ. 
504 |a Βιβλιογραφία: σ. 211-232 
504 |a Περιέχει ευρετήριο 
650 0 0 |a Cognition in children. 
650 0 0 |a Social interaction in children. 
650 0 0 |a Cognition and culture. 
650 0 0 |a Children and adults. 
852 |a INST  |b LESVOS  |e 20070806  |h 303.32 ROG  |p 005100039267  |q 005100039267  |t BK  |y 0 
901 |a BIBL1-2007-2 
909 |a Λ  |b 137911 
922 |a 1ΕΛΗ  |b 200707  |c ΕΠΕΑΕΚ2/ΠΤΕ  |d ΕΛΕΥΘΕΡΟΥΔΑΚΗΣ 
970 |a ΒΑΡΚΑ  |b ΕΛΕΥΘΕΡΙΑ  |z 2007/08/06